| 000 | 00695nam a2200241Ia 4500 | ||
|---|---|---|---|
| 003 | OSt | ||
| 005 | 20221005033328.0 | ||
| 006 | a|||||r|||| 00| 0 | ||
| 007 | ta | ||
| 008 | 221004b |||||||| |||| 00| 0 eng d | ||
| 024 | _a73883 | ||
| 037 | _cTextual | ||
| 040 |
_aCRL _cCRL _beng |
||
| 041 |
_2eng _aeng |
||
| 082 | _a2:(T:2), P3.1-.11 (RR) | ||
| 100 | _aKumar P S G | ||
| 245 | 0 | _aUGC model curriculum paper I to XIV | |
| 260 |
_aDelhi _bB.R. Publishing Corporation India _c2003 |
||
| 490 | _aLibrary and Information Science 1 to 5 | ||
| 650 | _aLIBRARY SCIENCE | ||
| 942 |
_h2:(T:2), P3.1-.11 (RR) _cTEXL _2cc |
||
| 999 |
_c941365 _d941365 |
||